Studies in macroeconomic theory
Guardado en:
| Autor principal: | |
|---|---|
| Formato: | Libro |
| Lenguaje: | inglés |
| Publicado: |
New York
Academia Press
1980
|
| Colección: | Economic theory, econometrics, and mathematical economics
|
| Etiquetas: |
Sin Etiquetas, Sea el primero en etiquetar este registro!
|
MARC
| LEADER | 00000nam a2200000 4500 | ||
|---|---|---|---|
| 001 | c129072 | ||
| 005 | 20041019155245.3 | ||
| 041 | 0 | |a eng | |
| 044 | |a US | ||
| 245 | 1 | 0 | |a Studies in macroeconomic theory |c Edmund S. Phelps |
| 264 | 1 | |a New York |b Academia Press |c 1980 | |
| 300 | |a 358 s. | ||
| 490 | 1 | |a Economic theory, econometrics, and mathematical economics | |
| 830 | 0 | |a Economic theory, econometrics, and mathematical economics | |
| 100 | 1 | |a Phelps, Edmund S. | |